State Capitals Containing the Letter D - Statistics

General Stats
  • This quiz has been taken 164 times
  • The average score is 9 of 10
Answer Stats
Answer % Correct
Denver
99%
Dover
94%
Des Moines
93%
Richmond
91%
Madison
87%
Indianapolis
86%
Providence
86%
Concord
83%
Hartford
79%
Springfield
79%
No matching quizzes found
Score Distribution
Percent of People with Each Score
Percentile by Number Answered
Your Score History
You have not taken this quiz